000 00297nam a22001337a 4500
008 180308b xxu||||| |||| 00| 0 eng d
020 _a226121348
041 _aeng
080 _a32
100 _a23
101 _apol
245 _apolitics and the constitutions
_cwilliam.w
942 _2udc
_cBK
999 _c44358
_d44358